00669 2200253 4500001002100000005001700021008004100038020002200079035002400101041000800125043001300133082000800146090001800154100001700172245007900189250001000268260003000278300002500308504001700333650001300350700001900363850001200382990002100394YOGYA-0711000000044620110711091513.0 ind  a978-602-978-624-8 0010-071100000000446 aInd aYOPD DIY a796 aDEP 796 Abd B aABDUL SYUKUR aBuku rekor dunia olahraga dan musikcAbdul Syukur ; editor, Arini Hidajati aCet 1 aYogyakartabHarmonic2011 a115 hlmbilusc23 cm ahlm. 112-115 aOlahraga aArini Hidajati aYOPDYOG aCB-D.11 2011-542